Catálogo - Centro de Recursos para el Aprendizaje y la Investigación

Volver al Sitio - CRAI Biblioteca

Ley de notariado y Ley del ejercicio notarial de la jurisdicción voluntaria y de otras diligencias / (Registro nro. 113605)

Detalles MARC
000 -CABECERA
campo de control de longitud fija 00894nam a2200217 4500
001 - NÚMERO DE CONTROL
campo de control 113605
003 - IDENTIFICADOR DEL NÚMERO DE CONTROL
campo de control DR-UNIBE
005 - FECHA Y HORA DE LA ÚLTIMA TRANSACCIÓN
campo de control 20250512143718.0
008 - DATOS DE LONGITUD FIJA--INFORMACIÓN GENERAL
campo de control de longitud fija 250512b2001 es ||||| |||| 00| 0 spa d
040 ## - FUENTE DE LA CATALOGACIÓN
Centro catalogador/agencia de origen BIBLIOTECA UNIBE
Lengua de catalogación spa
Centro/agencia transcriptor BIBLIOTECA UNIBE
Normas de descripción rda
041 ## - CÓDIGO DE LENGUA
Código de lengua del texto/banda sonora o título independiente spa
082 ## - NÚMERO DE LA CLASIFICACIÓN DECIMAL DEWEY
Número de clasificación F 5693
110 ## - ENTRADA PRINCIPAL--NOMBRE DE ENTIDAD CORPORATIVA
Nombre de entidad corporativa o nombre de jurisdicción como elemento de entrada República de El Salvador. Leyes, decretos, etc
9 (RLIN) 194874
Término indicativo de función/relación autor
245 10 - MENCIÓN DE TÍTULO
Título Ley de notariado y Ley del ejercicio notarial de la jurisdicción voluntaria y de otras diligencias /
260 ## - PUBLICACIÓN, DISTRIBUCIÓN, ETC.
Lugar de publicación, distribución, etc. San Salvador:
Nombre del editor, distribuidor, etc. Editorial Jurídica Salvadoreña
Fecha de publicación, distribución, etc. 2001
300 ## - DESCRIPCIÓN FÍSICA
Extensión 48 páginas :
Dimensiones 21 x 16 cm
505 ## - NOTA DE CONTENIDO CON FORMATO
Nota de contenido con formato Ley de notariado |<br/>Ley del ejercicio notarial de la jurisdicción voluntaria y de otras diligencias |
650 #7 - PUNTO DE ACCESO ADICIONAL DE MATERIA--TÉRMINO DE MATERIA
Fuente del encabezamiento o término lemb
Término de materia o nombre geográfico como elemento de entrada Derecho notarial
Subdivisión geográfica El Salvador
Subdivisión general Legislación
9 (RLIN) 195261
650 #7 - PUNTO DE ACCESO ADICIONAL DE MATERIA--TÉRMINO DE MATERIA
Fuente del encabezamiento o término lemb
Término de materia o nombre geográfico como elemento de entrada Notarios -- Legislación
Subdivisión geográfica El Salvador
Subdivisión general Legislación
9 (RLIN) 195262
942 ## - ELEMENTOS DE PUNTO DE ACCESO ADICIONAL (KOHA)
Fuente del sistema de clasificación o colocación Sistema de Clasificación Decimal Dewey
Tipo de ítem Koha Folleto
Existencias
Estado de retiro Estado de pérdida Fuente del sistema de clasificación o colocación Estado dañado No para préstamo Código de colección Localización permanente Fecha de adquisición Total de préstamos Signatura topográfica completa Código de barras Fecha visto por última vez Número de copia Precio válido a partir de Tipo de ítem Koha
  Disponible Sistema de Clasificación Decimal Dewey     Folletos Biblioteca Central UNIBE 08/04/2025   F 5693 F250074 12/05/2025 Ej.1 12/05/2025 Folleto